Cánovas, un hombre para nuestro tiempo / (Record no. 172054)

MARC details
000 -LEADER
campo de control de longitud fija 01019nam a2200253 i 4500
001 - NÚMERO DE CONTROL
campo de control 172054
003 - IDENTIFICADOR DE NÚMERO DE CONTROL
campo de control ES-MaACL
005 - FECHA Y HORA DE LA ÚLTIMA TRANSACCIÓN
campo de control 20250808062824.0
008 - DATOS DE LONGITUD FIJA--INFORMACIÓN GENERAL
campo de control de longitud fija 090612s1989 sp |||| | spa d
020 ## - NÚMERO INTERNACIONAL ESTÁNDAR DEL LIBRO
Número Internacional Estándar del Libro 84-220-1353-3
080 ## - NÚMERO DE LA CLASIFICACIÓN DECIMAL UNIVERSAL
Número de la Clasificación Decimal Universal 32(081) Cánovas del Castillo, Antonio
100 1# - ENTRADA PRINCIPAL--NOMBRE DE PERSONA
Nombre de persona Cánovas del Castillo, Antonio,
Fechas asociadas al nombre 1828-1897
9 (RLIN) 34600
245 10 - MENCIÓN DEL TÍTULO
Título Cánovas, un hombre para nuestro tiempo /
Mención de responsabilidad, etc. introducción y antología por José María García Escudero ; prólogo de Manuel Fraga Iribarne.
260 ## - PUBLICACIÓN, DISTRIBUCIÓN, ETC.
Lugar de publicación, distribución, etc. Madrid :
Nombre del editor, distribuidor, etc. La Editorial Católica :
-- Fundación Cánovas del Castillo,
Fecha de publicación, distribución, etc. 1989.
300 ## - DESCRIPCIÓN FÍSICA
Extensión XVIII, 300 p. ;
Dimensiones 20 cm.
490 1# - MENCIÓN DE SERIE
Mención de serie Biblioteca de autores cristianos ;
Designación de volumen o secuencia 502
504 ## - NOTA DE BIBLIOGRAFÍA, ETC.
Nota de bibliografía, etc. Bibliografía: p. [283]-292.
700 1# - ENTRADA AGREGADA--NOMBRE PERSONAL
Nombre de persona García Escudero, José María.
9 (RLIN) 54570
700 1# - ENTRADA AGREGADA--NOMBRE PERSONAL
Nombre de persona Fraga Iribarne, Manuel,
Fechas asociadas al nombre 1922-2012
9 (RLIN) 193721
710 2# - ENTRADA AGREGADA--NOMBRE DE ENTIDAD CORPORATIVA
Nombre de entidad corporativa o nombre de jurisdicción como elemento de entrada Fundación Cánovas del Castillo.
9 (RLIN) 4244
830 10 - PUNTO DE ACCESO ADICIONAL DE SERIE-TÍTULO UNIFORME
Título uniforme Biblioteca de autores cristianos
Designación de volumen o secuencia 502
9 (RLIN) 178679
852 ## - LOCALIZACIÓN
Ubicación ES-MaACL
Número de control de estantería J-489
Holdings
Estatus retirado Estado de pérdida Estado de daño No para préstamo Biblioteca de origen Biblioteca actual Ubicación en estantería Fecha de adquisición Fuente de adquisición Total de préstamos Signatura topográfica completa Código de barras Visto por última vez Precio de reemplazo Tipo de ítem Koha
        Biblioteca del Ateneo de Madrid Biblioteca del Ateneo de Madrid Depósito 2 12/06/2009     J-489 1180560 23/02/2023 23/02/2023 Libro impreso